000 00290nam a2200121Ia 4500
005 20251222142030.0
008 251222s9999||||xx |||||||||||||| ||spa||
082 _a305.235/M84
100 _aMontoya Canchis, Luis
245 0 _aEl lado oscuro de la luna:
264 _bDESCO
942 _cLIB
999 _c10953
_d10953